000 00621nam a2200241Ia 4500
003 OSt
005 20221005114349.0
006 a|||||r|||| 00| 0
007 ta
008 221004b |||||||| |||| 00| 0 eng d
024 _a41247
037 _cTextual
040 _aCRL
_cCRL
_beng
041 _2eng
_aeng
082 _aNv1.N3, H7 close sec
100 _aVan Loon Hendrik willem
_947126
245 0 _aArts of mankind
260 _c1947
300 _a419p illus
_ccm.
650 _aARTS
942 _hNv1.N3, H7 close sec
_cTEXL
_2cc
999 _c1031100
_d1031100